अमेठी संग्राम (Record no. 32013)

MARC details
000 -LEADER
fixed length control field 00298nam a22001217a 4500
003 - CONTROL NUMBER IDENTIFIER
control field SGT
082 ## - DEWEY DECIMAL CLASSIFICATION NUMBER
Classification number 920
Item number A20V
100 ## - MAIN ENTRY--PERSONAL NAME
Personal name विजय, अनन्त
245 ## - TITLE STATEMENT
Title अमेठी संग्राम
260 ## - PUBLICATION, DISTRIBUTION, ETC. (IMPRINT)
Name of publisher, distributor, etc ऐका प्रकाशन
Year of Publication 2020
300 ## - PAGE DESCRIPTION
No. of Pages 228
942 ## - ADDED ENTRY ELEMENTS (KOHA)
Source of classification or shelving scheme Dewey Decimal Classification
Koha item type Books
Holdings
Withdrawn status Lost status Source of classification or shelving scheme Damaged status Not for loan Home library Current library Shelving location Date acquired SGTU Total Checkouts Full call number Accession No. (Barcode) Date last seen Bill Date Koha item type
    Dewey Decimal Classification   Not For Loan SGT Chancellor's Library SGT Chancellor's Library Reference Book 04/07/2025 SGTU   920 A20V CH4029 04/07/2025 04/07/2025 Books